Effectif Arsenal (2023 - 2024) - Statistiques

Statistiques générales
  • Ce quiz a été pris 479 fois
  • Le résultat moyen est 20 sur 25
Statistiques - réponses
Poste Nationalité Numéro de Maillot Réponse % Correct
Défenseur Français 2 William Saliba
98%
Attaquant Brésilien 9 Gabriel Jesus
95%
Attaquant Anglais 7 Bukayo Saka
94%
Milieu Norvégien 8 Martin Odegaard
94%
Gardien Anglais 1 Aaron Ramsdale
93%
Gardien Espagnol 22 David Raya
93%
Défenseur Brésilien 6 Gabriel
93%
Attaquant Brésilien 11 Gabriel Martinelli
90%
Défenseur Ukrainien 35 Oleksandr Zinchenko
90%
Milieu Anglais 41 Declan Rice
88%
Milieu Italien 20 Jorginho
88%
Milieu Allemand 29 Kai Havertz
88%
Milieu Ghanéen 5 Thomas Partey
88%
Attaquant Belge 19 Leandro Trossard
87%
Défenseur Anglais 4 Ben White
86%
Défenseur Japonais 18 Takehiro Tomiyasu
81%
Milieu Egyptien 25 Mohamed Elneny
73%
Défenseur Néerlandais 12 Jurrien Timber
72%
Attaquant Anglais 14 Eddie Nketiah
69%
Milieu Anglais 10 Emile Smith Rowe
69%
Défenseur Polonais 15 Jakub Kiwior
68%
Milieu Portugais 21 Fabio Vieira
60%
Attaquant Anglais 24 Reiss Nelson
53%
Défenseur Portugais 17 Cedric Soares
43%
Gardien Estonien 31 Karl Hein
32%
Aucun quiz correspondant
Distribution des résultats
% des personnes avec chaque résultat
Percentile par nombre de réponses
Votre historique - résultats
Vous n’avez pas pris ce quiz